Relative price variability and inflation in the United States and Germany (Registro nro. 26819)
[ vista simple ]
| 000 -LEADER | |
|---|---|
| fixed length control field | 00370 a2200109 4500 |
| 001 - CONTROL NUMBER | |
| control field | ART_13791 |
| 005 - DATE AND TIME OF LATEST TRANSACTION | |
| control field | 20260410161911.0 |
| 008 - FIXED-LENGTH DATA ELEMENTS--GENERAL INFORMATION | |
| fixed length control field | 260409a |
| 100 1# - MAIN ENTRY--PERSONAL NAME | |
| Personal name | Fischer, Stanley |
| 245 10 - TITLE STATEMENT | |
| Title | Relative price variability and inflation in the United States and Germany |
| 773 0# - HOST ITEM ENTRY | |
| Title | European economic review |
| Related parts | - Vol. 18, Nº 1/2 (may./jun. 1982) |
| Record control number | REV13346 |
No hay ítems disponibles.